| 000 | 01239nam0a22002651 4500 | ||
|---|---|---|---|
| 001 | RU\NLR\A1SV\58624 | ||
| 005 | 20251203171251.9 | ||
| 035 | _a(NLR Aleph) 009740580 | ||
| 090 |
_a9942294 _c9942294 |
||
| 100 | _a20080611d1921 u y0rusy50 ca | ||
| 101 | 0 | _arus | |
| 102 | _aRU | ||
| 200 | 1 |
_aО перелое - [о сифилисе] _fНар. ком. здрав. Отд. сан. просвещения. Секция по борьбе с венер. болезнями |
|
| 210 |
_aМ. _cОбразц. тип. МСНХ _d[1921] |
||
| 215 | _a4 с. | ||
| 300 | _aБез тит. л. | ||
| 451 | 1 |
_1001RU\NLR\A1SV\58625 _12001#$aО перелое - о сифилисе$fИркут. венер. диспансер _99942299 _cИрк[утск] _d1924 _fИркут. венер. диспансер _nГос. типолит. _p4 с. _tО перелое - о сифилисе |
|
| 451 | 1 |
_1001RU\NLR\A1SV\58626 _12001#$aО перелое - о сифилисе _99942302 _cУльяновск _d[1925] _nТиполит. № 1 Комбината П.П.П. _p4 с. _tО перелое - о сифилисе |
|
| 620 | _dМосква | ||
| 801 | 0 |
_aRU _bNLR _c20080611 |
|
| 852 |
_aNLR _j37.13.6.225 |
||
| 942 | _cBOOK | ||
| 980 | _aNB | ||
| 980 | _aA1SV | ||